Gyárfáš, J. - Kukuča, P.: Výkony deformovaných prúdov a napätí

Bibliographic Details
Main Author: Székely, J. (Author)
Format: Article
Language:Slovak
Subjects:

MARC

LEADER 00000nab a2200000 a 4500
001 vtls000389753
003 SK-MaSNL
005 20260303225424.0
008 230217c1989 xo 0 slo
015 |a SNBRB19rr/mm-uuuuu 
035 |a CL0389877 
035 |a urn:nbn:sk:snk-abd1p8 
035 |a (urnnbn)urn:nbn:sk:snk:ar-006w8i 
035 |a (uuid)250da81e-627f-49bf-a759-bbeb037d910c 
040 |a SNKBUCL  |b slo  |c SNKBUCL  |e AACR2 
041 0 |a slo 
044 |a xo  |c SK 
080 |a 621.3.016/.018  |2 1981 
100 1 |a Székely, J.  |4 aut  |9 1150662 
245 1 0 |a Gyárfáš, J. - Kukuča, P.: Výkony deformovaných prúdov a napätí  |c J. Székely 
650 0 7 |a výkon elektrický  |2 snkbucl  |9 1029806 
650 0 7 |a elektrický prúd  |2 snkbucl  |9 50957 
650 0 7 |a deformované napätie  |2 snkbucl  |9 1262201 
655 7 |a články z novín a časopisov  |2 snkbucl  |9 267496 
773 0 |t Elektrotechnický časopis  |g Roč. 40, č. 7 (1989), s. 562-563 
787 0 8 |i Rec.:  |a Gyárfáš, Juraj  |t Výkony deformovaných prúdov a napätí  |d Bratislava : Alfa, 1988 
850 |a Slovenská národná knižnica v Martine  |a MTA001 
852 |a SNK  |b KIS3GCP 
954 |a odborná, vedecká literatúra pôvodná (slovenská)  |2 lita 
958 |a RK 
958 |a OND 
958 |a EUIPO 
958 |a article17 
992 |a RBX 
999 |c 2256921  |d 2258851